<?xml version="1.0" encoding="UTF-8"?>
<collection xmlns="http://www.loc.gov/MARC21/slim">
 <record>
  <leader>01616nam a2200217Ia 4500</leader>
  <controlfield tag="001">CTU_166451</controlfield>
  <controlfield tag="008">210402s9999    xx            000 0 und d</controlfield>
  <datafield tag="020" ind1=" " ind2=" ">
   <subfield code="c">49.45</subfield>
  </datafield>
  <datafield tag="082" ind1=" " ind2=" ">
   <subfield code="a">570.3</subfield>
  </datafield>
  <datafield tag="082" ind1=" " ind2=" ">
   <subfield code="b">L741</subfield>
  </datafield>
  <datafield tag="100" ind1=" " ind2=" ">
   <subfield code="a">Lincoln, Roger J.</subfield>
  </datafield>
  <datafield tag="245" ind1=" " ind2="2">
   <subfield code="a">A dictionary of ecology, evolution, and systematics</subfield>
  </datafield>
  <datafield tag="245" ind1=" " ind2="0">
   <subfield code="c">Roger Lincoln, Geoff Boxshall, Paul Clark</subfield>
  </datafield>
  <datafield tag="260" ind1=" " ind2=" ">
   <subfield code="a">Cambridge</subfield>
  </datafield>
  <datafield tag="260" ind1=" " ind2=" ">
   <subfield code="b">Cambridge University Press</subfield>
  </datafield>
  <datafield tag="260" ind1=" " ind2=" ">
   <subfield code="c">1987</subfield>
  </datafield>
  <datafield tag="520" ind1=" " ind2=" ">
   <subfield code="a">This is a completely revised, updated, and expanded version of this hugely successful book, which remains the most wide-ranging and comprehensive dictionary for the study of natural history in its broadest sense. There are over 11,000 entries, providing a working dictionary for students, teachers, researchers, and anyone having an interest within the broad arena of biodiversity studies. The extensive coverage includes classical disciplines (botany, zoology, bacteriology, mineralogy, paleontology, etc.), focusing particularly on concepts, strategies, and methodologies. New information in the book reflects major scientific developments, with special attention given to terminology relating to molecular techniques and to terminology generated by recent initiatives in the study of biological diversity and global climate change.</subfield>
  </datafield>
  <datafield tag="650" ind1=" " ind2=" ">
   <subfield code="a">Ecology,Evolution (Biology),Biology,Sinh thái học,Giá trị ( sinh học ),Sinh học</subfield>
  </datafield>
  <datafield tag="650" ind1=" " ind2=" ">
   <subfield code="x">Dictionaries,Dictionaries,Classification,Dictionaries,Từ điển,Từ điển,Phân loại,Từ điển</subfield>
  </datafield>
  <datafield tag="904" ind1=" " ind2=" ">
   <subfield code="i">QHieu</subfield>
  </datafield>
  <datafield tag="980" ind1=" " ind2=" ">
   <subfield code="a">Trung tâm Học liệu Trường Đại học Cần Thơ</subfield>
  </datafield>
 </record>
</collection>
